000 00516nam a2200205Ia 4500
001 14283
003 GE_BSU
008 181216s||||||||xx |||||||||||||| ||und||
020 _a0586207252
040 _cGE_BSU
080 _a1
100 _aSilva,Jose. Burt Goldman
245 4 _aThe Silva Mind Control Method of Mental Dinamics
260 _aLondon
260 _bHarper Collins Publishers
260 _c1988
300 _a251p.18cm.
653 _aThe Silva Mind Control Method of Mental Dinamics
942 _cBK
999 _c47421
_d47421